One party English counties Quiz Stats

Quiz not verified by Sporcle

Challenge
Share
Tweet
Embed
Score 0/13 Timer 03:00
0 Plays Today
County % Correct
Kent
80.8%
Suffolk
65.5%
Surrey
65.5%
Hertfordshire
51.8%
West Sussex
49.8%
Herefordshire
47.6%
Tyne and Wear
44.7%
Worcestershire
41.9%
Rutland
39.3%
Warwickshire
39%
Northamptonshire
31%
Isle of Wight
22.7%
City of London
15.3%

You're not logged in!

Compare scores with friends on all Sporcle quizzes.
Sign Up with Email
OR
Log In

You Might Also Like...

Show Comments

Extras

Top Quizzes Today


Score Distribution

Your Account Isn't Verified!

In order to create a playlist on Sporcle, you need to verify the email address you used during registration. Go to your Sporcle Settings to finish the process.